Στοιχεία μετροθεωρίας πιθανοτήτων

Αποθηκεύτηκε σε:
Λεπτομέρειες βιβλιογραφικής εγγραφής
Κύριος συγγραφέας: Καλπαζίδου, Σοφία
Μορφή: Βιβλίο
Γλώσσα:Greek
Δημοσίευση: Θεσσαλονίκη : Ζήτης, c2002
Θέματα:
Ετικέτες: Προσθήκη ετικέτας
Δεν υπάρχουν, Καταχωρήστε ετικέτα πρώτοι!

MARC

LEADER 00000nam a2200000 i 4500
001 1/78337
008 080321s2002 gre d
020 |a 960-431-805-5 
035 |l 10095706 
040 |a GR-MY-UA  |b gre  |e aacr 
041 0 |a gre 
082 0 |a 519.2  |2 (22) 
100 1 |a Καλπαζίδου, Σοφία. 
245 1 0 |a Στοιχεία μετροθεωρίας πιθανοτήτων /  |c Σοφίας Καλπαζίδου 
260 |a Θεσσαλονίκη :   |b Ζήτης,   |c c2002 
300 |a 134 σ.  |b 24 εκ. 
504 |a Βιβλιογραφία : σ. [133]-134 
650 0 0 |a Probabilities. 
852 |a INST  |b CHIOS  |e 20080321  |h 519.2 KAΛ  |p 005200027694  |q 005200027694  |t BK  |y 0 
901 |a BIBL2-2008-1 
909 |a Χ  |b 146005 
922 |a 2ΕΛΗ  |b 200802  |c ΕΠΕΑΕΚ2/ΤΝΕΥ  |d Σ. ΠΑΤΑΚΗΣ 
970 |a ΒΑΡΦΗΣ  |b ΒΑΓΓΕΛΗΣ  |z 2008/03/21